Acoustic invisibility for elliptic objects : (Record no. 172087)
[ view plain ]
| 000 -LEADER | |
|---|---|
| fixed length control field | 01044cam a2200289 i 4500 |
| 001 - CONTROL NUMBER | |
| control field | 1369263998 |
| 003 - CONTROL NUMBER IDENTIFIER | |
| control field | OCoLC |
| 005 - DATE AND TIME OF LATEST TRANSACTION | |
| control field | 20250625102545.0 |
| 008 - FIXED-LENGTH DATA ELEMENTS--GENERAL INFORMATION | |
| fixed length control field | 230209s2023 sz a ob 000 0 eng d |
| 020 ## - INTERNATIONAL STANDARD BOOK NUMBER | |
| International Standard Book Number | 9783031226021 (paperback) |
| 024 7# - OTHER STANDARD IDENTIFIER | |
| Standard number or code | 10.1007/978-3-031-22603-8 |
| 040 ## - CATALOGING SOURCE | |
| Original cataloging agency | GW5XE |
| Language of cataloging | eng |
| Description conventions | rda |
| Transcribing agency | NUST |
| Modifying agency | NUST |
| 050 #4 - LIBRARY OF CONGRESS CALL NUMBER | |
| Classification number | QC242.2 QUA |
| 100 1# - MAIN ENTRY--PERSONAL NAME | |
| Personal name | Quadrelli, Davide Enrico, |
| Relator term | author |
| 245 10 - TITLE STATEMENT | |
| Title | Acoustic invisibility for elliptic objects : |
| Remainder of title | theory and experiments for underwater sound / |
| Statement of responsibility, etc. | Davide Enrico Quadrelli, Francesco Braghin |
| 260 ## - PUBLICATION, DISTRIBUTION, ETC. | |
| Place of publication, distribution, etc. | Italy. : |
| Name of publisher, distributor, etc. | Politecnico, |
| Date of publication, distribution, etc. | ©2023. |
| 300 ## - PHYSICAL DESCRIPTION | |
| Extent | ix, 87 pages : |
| Other physical details | illustrations (chiefly color) |
| Dimensions | 24 cm |
| 336 ## - CONTENT TYPE | |
| Content type term | text |
| Content type code | txt |
| Source | rdacontent |
| 337 ## - MEDIA TYPE | |
| Media type term | unmediated |
| Media type code | n |
| Source | rdamedia |
| 338 ## - CARRIER TYPE | |
| Carrier type term | volume |
| Carrier type code | nc |
| Source | rdacarrier |
| 504 ## - BIBLIOGRAPHY, ETC. NOTE | |
| Bibliography, etc. note | Includes bibliographical references |
| 650 #0 - SUBJECT ADDED ENTRY--TOPICAL TERM | |
| Topical term or geographic name entry element | Underwater acoustics. |
| 650 #0 - SUBJECT ADDED ENTRY--TOPICAL TERM | |
| Topical term or geographic name entry element | Acoustical engineering. |
| 650 #0 - SUBJECT ADDED ENTRY--TOPICAL TERM | |
| Topical term or geographic name entry element | Invisibility. |
| 700 1# - ADDED ENTRY--PERSONAL NAME | |
| Personal name | Braghin, Francesco, |
| Relator term | author |
| 942 ## - ADDED ENTRY ELEMENTS (KOHA) | |
| Source of classification or shelving scheme | Library of Congress Classification |
| Koha item type | Ordinary Loan Books |
| Classification part | QC242.2 QUA |
| Call number prefix | QC |
| Call number suffix | QUA |
| Suppress in OPAC | No |
| Withdrawn status | Lost status | Source of classification or shelving scheme | Damaged status | Not for loan | Collection | Home library | Current library | Shelving location | Date acquired | Source of acquisition | Cost, normal purchase price | Total Checkouts | Full call number | Barcode | Date last seen | Accession number | Cost, replacement price | Price effective from | Koha item type | Public note |
|---|---|---|---|---|---|---|---|---|---|---|---|---|---|---|---|---|---|---|---|---|
| LCC | NFIC | MAIN | MAIN | GEN | 06/25/2025 | Book Aid International | 63.00 | QC242.2 QUA | 92004055857 | 06/25/2025 | 61769 | 63.00 | 06/25/2025 | BOOKS | Donation |